000 00370 a2200145 4500
001 58266
020 _a
040 _cAnchieta - Pituba
100 _aJosé, Antônio
240 1 0 _aA vida de Esopo e guerras do Alecrim e da Manjerona
_lpor
245 1 0 _aA vida de Esopo e guerras do Alecrim e da Manjerona
300 _a169
650 4 _aDrama brasileiro
942 _cBK
999 _c58266
_d58266